[Event "10th Mumbai Mayors Cup 2017"]
[Site "Mumbai"]
[Date "2017.06.07"]
[Round "6"]
[White "Rathanvel, V S"]
[Black "Arvind, Shastry"]
[Result "1-0"]
[WhiteElo "2332"]
[BlackElo "2190"]
[Annotator "TA"]
[PlyCount "87"]
[EventDate "2017.06.04"]
[EventType "swiss"]
[EventCountry "IND"]
[SourceTitle "playchess.com"]
[Source "ChessBase"]
[SourceQuality "1"]

{[%evp 38,87,29,12,34,8,8,0,0,0,0,-75,0,0,0,0,0,0,304,305,243,298,289,254,280,236,199,276,270,260,241,203,339,255,319,265,590,571,664,650,12841,1214,1981,1171,12835,1273,2108,12831,12833,1091,12844,-12849]} 1. e4 e6 2. d4 d5 3. Nc3 Bb4 4. e5 c5 5. a3 Bxc3+ 6. bxc3 Qc7 7. Qg4 Ne7 8. Qxg7 Rg8 9. Qxh7 cxd4 10. Ne2 Nbc6 11. f4 dxc3 12. Qd3 d4 13. Nxd4 Nxd4 14. Qxd4 Bd7 15. Rg1 Nf5 {C18: French: 3 Nc3 Bb4: Main line: 7 h4 and 7 Qg4} 16. Qf2 Qc6 17. Bd3 (17. g4 Qe4+ 18. Qe2 Qd5 19. Bg2 Qc5 20. Qf2 Nd4 21. Be4 O-O-O 22. Be3 Bc6 23. Bd3 {½-½ (37) Vachier Lagrave,M (2775)-Radjabov,T (2731) Tbilisi 2015}) 17... Qd5 18. Be3 Nxe3 19. Qxe3 Rxg2 20. Rxg2 {LiveBook: 11 Games} Qxg2 21. Be4 Qxh2 22. O-O-O Bc6 23. Bxc6+ bxc6 $11 {[%mdl 4096] Endgame KQR-KQR} 24. Qc5 (24. Qd4 $11) 24... Qg2 $146 ({Better is} 24... Qxf4+ $17 25. Kb1 Qa4) ({Predecessor:} 24... Qxf4+ 25. Kb1 Qa4 26. Qxc3 Rd8 {0-1 (26) Barrientos Chavarriaga,S (2517)-Pozo Vera,S (2495) Panama City 2011}) 25. Qxc3 Rd8 26. Rxd8+ Kxd8 {KQ-KQ} 27. Qd4+ Ke8 $2 {[%mdl 8192] [#]} (27... Kc8 $1 $11) 28. Qxa7 $18 Qf1+ 29. Kb2 Qb5+ 30. Kc3 c5 {[#]} 31. Qa8+ $1 Ke7 32. Qe4 Qa5+ 33. Kb2 Qb5+ 34. Ka2 f5 (34... Kf8 {is a better defense.} 35. a4 Qf1) 35. exf6+ $1 Kxf6 36. a4 Qa5 $2 (36... Qa6 {is more resistant.} 37. Qe5+ Kg6) 37. Qc4 {White is clearly winning.} Qc7 38. Qb5 c4 39. a5 (39. Qg5+ $142 Kf7 40. a5) 39... Qxf4 40. a6 {[%cal Ba5a6,Ba6a7][%mdl 32]} Qd4 41. Qa4 (41. Qb7 $142 Qd2 42. a7) 41... Qd5 42. a7 c3+ 43. Ka3 Qb7 44. Qe4 $4 {[%mdl 40960] Precision: White = 62%, Black = 25%. . Loss on Time!?} (44. Qf4+ $18 Kg6 45. Qb8 Qa6+ 46. Kb4) 1-0

[Event "10th Mumbai Mayors Cup 2017"]
[Site "Mumbai"]
[Date "2017.06.07"]
[Round "6"]
[White "Gajwa, Ankit"]
[Black "Mahalakshmi, M."]
[Result "1-0"]
[WhiteElo "2309"]
[BlackElo "2180"]
[Annotator "TA"]
[PlyCount "39"]
[EventDate "2017.06.04"]
[EventType "swiss"]
[EventCountry "IND"]
[SourceTitle "playchess.com"]
[Source "ChessBase"]
[SourceQuality "1"]

{[%evp 14,39,66,79,67,85,82,78,86,95,91,93,95,100,110,110,101,92,89,108,137,109,175,176,400,391,902,918]} 1. e4 e6 2. d4 d5 3. Nc3 Nc6 4. Nf3 Nf6 5. Bd3 Bb4 6. O-O {C10: French with 3 Nc3: Unusual Black 3rd moves and 3...dxe4} (6. Bg5 dxe4 7. Bxe4 Ne7 8. Bd3 Ned5 9. O-O Nxc3 10. bxc3 Bxc3 11. Rb1 h6 12. Bh4 c6 13. Rb3 Bxd4 14. Bc4 {1-0 (26) Caruana,F (2791)-Jobava,B (2713) Dubai 2014}) 6... Bxc3 7. exd5 Bxd4 8. dxc6 {LiveBook: 5 Games. White is slightly better.} bxc6 9. Nxd4 $146 ({Predecessor:} 9. Be2 Bc5 10. Qxd8+ Kxd8 11. Ne5 Ke8 12. Nxc6 Bd6 13. Bf3 Bb7 {½-½ (26) Setkauskas,V (2252)-Limontas,M (2289) Lithuania 2016}) 9... Qxd4 10. Qf3 Bd7 11. Qg3 O-O 12. Be3 {[%cal Bc1e3,Be3f2,Bf2g3,Bg3f4][%mdl 32]} Qg4 13. Qxc7 Rfe8 14. f3 Qh5 15. Rfe1 (15. Bxa7 $6 Rec8 $11) 15... e5 16. Bf2 Qg5 17. Bg3 Rac8 (17... e4 $16 18. fxe4 Be6) 18. Rxe5 $18 Qd2 $2 (18... Qxe5 {might work better.} 19. Qxe5 (19. Bxe5 Rxc7 20. Bxc7 Be6 $18) 19... Rxe5 20. Bxe5 Nd5) 19. Qd6 Kh8 $2 {[#]} (19... Rxe5 20. Bxh7+ (20. Qxe5 Nd5 $18) 20... Kxh7 21. Qxd2 Rd5) 20. Bf4 $1 {[%mdl 512] Precision: White = 90%, Black = 36%.} 1-0

[Event "10th Mumbai Mayors Cup 2017"]
[Site "Mumbai"]
[Date "2017.06.07"]
[Round "6"]
[White "Pradeep, Kumar R A"]
[Black "Mahindrakar, Indrajeet"]
[Result "1/2-1/2"]
[WhiteElo "2302"]
[BlackElo "1977"]
[Annotator "TA"]
[PlyCount "71"]
[EventDate "2017.06.04"]
[EventType "swiss"]
[EventCountry "IND"]
[SourceTitle "playchess.com"]
[Source "ChessBase"]
[SourceQuality "1"]

{[%evp 9,71,-22,-1,-4,98,97,98,72,79,85,121,47,38,37,27,27,28,30,20,-20,-33,-18,-22,-22,-12,-20,-27,-27,0,0,0,-5,-5,-5,-5,-5,-5,-5,-5,-7,-3,-3,-3,-13,-13,-8,-3,-9,-3,-35,-35,-43,-31,-139,-64,-49,-49,-42,-30,-52,-18,-38,-11,-40]} 1. Nf3 d5 2. g3 c5 3. Bg2 Nc6 4. O-O e5 5. d3 Be6 (5... f6 6. c4 d4 7. e3 dxe3 8. Bxe3 Bd6 9. Nc3 Nge7 10. Ne4 b6 11. b4 cxb4 12. d4 Bf5 13. dxe5 Bxe4 14. exd6 {1-0 (28) Bacrot,E (2720)-Naiditsch,A (2705) Dubai 2014}) 6. e4 {A08: King's Indian Attack} h6 $146 (6... d4 $11 {remains equal.}) ({Predecessor:} 6... dxe4 7. dxe4 Bc4 8. Qxd8+ Rxd8 9. Re1 f6 10. Na3 Ba6 11. c3 Bd6 12. Bf1 Bxf1 13. Kxf1 {½-½ (53) Muthaiah,A (2037)-Nishant,K (1891) Kolkata 2013}) 7. exd5 $16 Bxd5 8. Re1 {White is better.} Bd6 9. Nc3 Be6 {[#]} 10. Ne4 (10. Nxe5 $1 $16 {[%mdl 512]} Nxe5 11. f4) 10... Nf6 $14 {[%cal Bg8f6,Bf6d7,Bd7e5,Be5d3][%mdl 32]} 11. Nxd6+ Qxd6 12. Nxe5 Nxe5 13. Bf4 Nfd7 $1 {White must now prevent ...0-0.} 14. Bxe5 Nxe5 15. f4 Qd4+ 16. Kh1 {[#]} Nxd3 $1 {[%mdl 512]} 17. Qxd3 (17. cxd3 O-O) 17... Qxd3 18. cxd3 {And now f5 would win.} O-O 19. Re5 Rad8 20. f5 Bc8 $1 21. Rxc5 b6 22. Rd5 Rxd5 23. Bxd5 Bxf5 $11 {[%mdl 4096] Endgame KRB-KRB} 24. Bc4 Re8 25. Rf1 Bg6 26. Rf2 Re1+ 27. Kg2 Rd1 28. b4 Kf8 29. Kh3 f6 ({Much worse is} 29... Bxd3 30. Rxf7+ Ke8 31. Bb3 $14) 30. Bb3 $1 {[%cal Rb3d1]} Rg1 31. d4 {[#]} ({Better is} 31. Kg4 $1 $15) 31... Ke7 (31... h5 $1 $17 32. a3 Rb1) 32. Re2+ $15 Kd6 33. Kg4 Rf1 34. Kh4 Rf5 35. Kh3 Rg5 (35... Bh5 $5 {[%cal Rh5e2]} 36. Re6+ Kd7 $11) 36. Re6+ {Precision: White = 51%, Black = 38%.} 1/2-1/2

[Event "10th Mumbai Mayors Cup 2017"]
[Site "Mumbai"]
[Date "2017.06.07"]
[Round "6"]
[White "Muthaiah, Al"]
[Black "Pranav, Anand"]
[Result "1/2-1/2"]
[WhiteElo "2297"]
[BlackElo "2068"]
[Annotator "NA"]
[PlyCount "121"]
[EventDate "2017.06.04"]
[EventType "swiss"]
[EventCountry "IND"]
[SourceTitle "playchess.com"]
[Source "ChessBase"]
[SourceQuality "1"]
[TimeControl "5400+30"]

1. Nf3 Nf6 2. g3 b5 3. Bg2 Bb7 4. O-O e6 5. d3 d5 6. c4 b4 7. cxd5 exd5 8. e4 dxe4 9. dxe4 Qxd1 10. Rxd1 Bc5 11. e5 Ng4 12. Rd2 Nd7 13. h3 Nh6 (13... Nxf2 $5 14. Rxf2 O-O-O $11) 14. Rc2 Nf5 $11 15. g4 Ne7 16. e6 fxe6 17. Ng5 Bxg2 18. Kxg2 e5 19. Ne6 Bb6 20. Nxg7+ Kf7 21. Nh5 Nd5 22. Nd2 Nc5 23. Nc4 Nd3 24. Be3 Rhe8 25. Rd1 e4 26. Ng3 Rad8 27. Kh2 Kg8 28. Rcd2 c5 29. Nxb6 axb6 30. Nxe4 Nxe3 31. Nf6+ Kf7 32. fxe3 Kxf6 33. Rxd3 Rxd3 34. Rxd3 c4 35. Rd4 Rxe3 36. Rxc4 Re2+ 37. Kg3 Rxb2 38. Rc6+ Kg7 39. Rxb6 Rxa2 40. Rxb4 Ra3+ 41. Kh4 Rc3 42. g5 Rc6 43. Kh5 Rc7 44. Rb6 Ra7 45. h4 Rc7 46. Rf6 Ra7 47. Kg4 Ra4+ 48. Kh5 Ra7 49. Rf4 Rb7 50. Rc4 Ra7 51. Kg4 h6 52. Rc5 hxg5 53. hxg5 Ra8 54. Rc7+ Kg8 55. Kh5 Rb8 56. Kh6 Ra8 57. Rg7+ Kh8 58. Rb7 Kg8 59. g6 Rc8 60. Rg7+ Kh8 61. Rh7+ 1/2-1/2

[Event "10th Mumbai Mayors Cup 2017"]
[Site "Mumbai"]
[Date "2017.06.07"]
[Round "6"]
[White "Saurabh, Anand"]
[Black "Priyanka, K."]
[Result "1-0"]
[WhiteElo "2266"]
[BlackElo "2067"]
[Annotator "NA"]
[PlyCount "145"]
[EventDate "2017.06.04"]
[EventType "swiss"]
[EventCountry "IND"]
[SourceTitle "playchess.com"]
[Source "ChessBase"]
[SourceQuality "1"]
[TimeControl "5400+30"]

1. e4 d5 2. exd5 Qxd5 3. Nc3 Qa5 4. Bc4 Nf6 5. d3 Bg4 6. f3 Bf5 7. g4 Bg6 8. f4 e6 9. Qe2 Be7 10. Bd2 Qb6 11. O-O-O Nc6 12. f5 Nd4 $16 (12... exf5 $14 13. g5 Bh5) 13. Qe1 Nxf5 14. gxf5 Bxf5 15. Nb5 Qc6 16. Ne2 a6 17. Nbd4 Qc5 18. Nxf5 Qxf5 19. Qg3 Bd6 20. Qg2 Qg4 21. Rhg1 Qxg2 22. Rxg2 Rg8 23. Rdg1 g6 24. Rf1 Nd7 25. Bf4 Ke7 26. Rgf2 f6 27. Re1 Rge8 28. Bxd6+ Kxd6 29. d4 e5 30. dxe5+ Rxe5 31. Rd1+ Ke7 32. Nf4 Nb6 33. Nd5+ Nxd5 34. Bxd5 c6 35. Bb3 Re8 36. Rfd2 Kf8 37. Rd7 R8e7 38. Rxe7 Kxe7 39. Kd2 Rh5 40. Re1+ Kd7 41. Re2 f5 42. Ke3 Rh4 43. Kf3 Kd6 44. Kg3 Rg4+ 45. Kh3 Kd7 46. Bg8 Rg5 47. Kh4 Rg4+ 48. Kh3 Rg5 49. Rg2 Rh5+ 50. Kg3 Rg5+ 51. Kf3 Rh5 52. Kf4 Ke7 53. Re2+ Kf6 54. Bb3 Rh4+ 55. Kf3 Kg5 56. a4 Rb4 57. Bg8 h5 58. b3 Rf4+ 59. Kg2 Rg4+ 60. Kf2 Rd4 61. a5 Rd7 62. Be6 Re7 63. Bc4 Rd7 64. Kf3 Kf6 65. Re6+ Kg5 66. h4+ Kh6 67. c3 Rd1 68. Re7 Ra1 69. Rxb7 Rxa5 70. Kf4 Ra1 71. Bg8 Rf1+ 72. Ke5 g5 73. Kf6 1-0

[Event "10th Mumbai Mayors Cup 2017"]
[Site "Mumbai"]
[Date "2017.06.07"]
[Round "6"]
[White "Sekar, B."]
[Black "Alahakoon, Isuru"]
[Result "1-0"]
[WhiteElo "2252"]
[BlackElo "2047"]
[Annotator "NA"]
[PlyCount "63"]
[EventDate "2017.06.04"]
[EventType "swiss"]
[EventCountry "IND"]
[SourceTitle "playchess.com"]
[Source "ChessBase"]
[SourceQuality "1"]
[TimeControl "5400+30"]

1. e4 d6 2. d4 Nf6 3. Nc3 c6 4. Be3 Nbd7 5. Nf3 e5 6. a4 Be7 7. Bc4 Qc7 8. Ba2 h6 9. O-O Nf8 10. h3 a5 11. Qd3 Ng6 12. Ne2 d5 (12... O-O $14) 13. Nxe5 Nxe5 14. dxe5 Nxe4 15. c4 Nc5 16. Qc2 $11 (16. Bxc5 $16 Bxc5 17. Qg3) 16... Qxe5 17. cxd5 Bf5 18. Qd1 O-O 19. Ng3 Bg6 20. Bd4 Qg5 21. Re1 cxd5 22. Re5 Qh4 23. Rxd5 Rad8 24. Bc3 Nd3 25. Qf3 Rxd5 26. Bxd5 Bc5 27. Rf1 Nf4 28. Bxb7 Rd8 29. Be5 Nd3 30. Bc7 Rd7 31. Qc6 Nxf2 32. Qxc5 1-0

[Event "10th Mumbai Mayors Cup 2017"]
[Site "Mumbai"]
[Date "2017.06.07"]
[Round "6"]
[White "Sauravh, Khherdekar"]
[Black "Krishna, Teja N"]
[Result "1-0"]
[WhiteElo "2230"]
[BlackElo "2406"]
[Annotator "TA"]
[PlyCount "39"]
[EventDate "2017.06.04"]
[EventType "swiss"]
[EventCountry "IND"]
[SourceTitle "playchess.com"]
[Source "ChessBase"]
[SourceQuality "1"]

{[%evp 14,39,-1,-7,42,0,121,77,237,222,298,308,299,308,311,311,664,656,681,679,1017,872,856,758,755,746,859,862]} 1. d4 Nf6 2. Bg5 Ne4 3. Bf4 d5 4. f3 Nf6 5. e4 dxe4 6. Nc3 exf3 7. Nxf3 c6 {A45: Trompowsky Attack} 8. Bc4 {LiveBook: 4 Games} Bf5 (8... Nbd7 9. Ne5 e6 10. Qf3 Be7 11. O-O-O O-O 12. h4 Nd5 13. Bd2 f5 14. g4 Nxe5 15. dxe5 {1-0 (45) Djordjevic,V (2381)-Dumpor,A (2335) Kragujevac 2015}) 9. Qe2 (9. g4 $5 Nxg4 10. Qe2 $15) 9... Nbd7 $146 (9... e6 $11 {remains equal.}) ({Predecessor:} 9... e6 10. O-O-O Be7 11. Ne5 b5 12. Nxb5 cxb5 13. Bxb5+ Kf8 14. g4 Be4 15. Rhf1 {1-0 (23) Adeyemi,A (1979)-Erhabor,D Lagos 2013}) 10. d5 g6 $2 (10... Nxd5 $16 11. Bxd5 cxd5) 11. O-O-O $40 {[%mdl 128] Strongly threatening dxc6. White goes for the king.} Bg7 12. dxc6 bxc6 {[#]} 13. Ne5 $1 {[%cal Re5c6]} O-O {[#]} 14. g4 $1 {[%cal Rg4f5]} ({Not} 14. Nxc6 Bg4 $16) 14... Be6 $2 (14... Bxg4 15. Nxg4 Nxg4) 15. Bxe6 {White is clearly winning.} fxe6 16. Nxd7 Nd5 17. Nxd5 exd5 18. Nxf8 Qxf8 19. Qe6+ Kh8 20. Be5 1-0

[Event "10th Mumbai Mayors Cup 2017"]
[Site "Mumbai"]
[Date "2017.06.07"]
[Round "6"]
[White "Wagh, Suyog"]
[Black "Satkar, Chirag"]
[Result "1/2-1/2"]
[WhiteElo "2215"]
[BlackElo "2028"]
[Annotator "TA"]
[PlyCount "37"]
[EventDate "2017.06.04"]
[EventType "swiss"]
[EventCountry "IND"]
[SourceTitle "playchess.com"]
[Source "ChessBase"]
[SourceQuality "1"]

{[%evp 14,37,23,18,52,43,49,9,19,16,51,0,2,0,0,-16,-23,-11,-23,-25,-35,-80,-42,-68,-46,-45]} 1. c4 c6 2. Nf3 d5 3. e3 Nf6 4. Qc2 e6 5. b3 Bd6 6. Bb2 {A11: English Opening: 1...c6} Nbd7 7. d4 O-O 8. Bd3 {LiveBook: 6 Games. White has an edge.} Qe7 9. Ne5 c5 10. Nd2 h6 $146 ({Predecessor:} 10... b6 11. O-O Bb7 12. Nxd7 Qxd7 13. dxc5 bxc5 14. cxd5 exd5 15. Bxf6 gxf6 {1-0 (39) Ju,W (2544)-Shen,Y (2397) Wuxi 2013}) 11. O-O b6 12. f4 Bb7 13. Rae1 Rac8 14. Re2 b5 15. Qb1 bxc4 16. bxc4 Nb6 17. Qa1 Na4 18. Ba3 cxd4 19. Bxd6 {Precision: White = 39%, Black = 68%.} 1/2-1/2

[Event "10th Mumbai Mayors Cup 2017"]
[Site "Mumbai"]
[Date "2017.06.07"]
[Round "6"]
[White "Moksh, Amit Doshi"]
[Black "Chittal, Sairaj"]
[Result "1/2-1/2"]
[WhiteElo "2188"]
[BlackElo "2000"]
[Annotator "TA"]
[PlyCount "67"]
[EventDate "2017.06.04"]
[EventType "swiss"]
[EventCountry "IND"]
[SourceTitle "playchess.com"]
[Source "ChessBase"]
[SourceQuality "1"]

{[%evp 12,67,35,33,37,27,48,48,52,0,29,14,33,31,32,7,11,0,0,1,8,0,0,-21,-21,-40,-50,-81,-92,-93,-89,-95,-75,-89,-87,-74,-62,-50,-56,-81,-6,-6,-6,-6,-9,-9,-6,-6,-6,-62,-6,-13,0,-48,0,-19,0,0]} 1. d4 Nf6 2. c4 e6 3. Nf3 b6 4. g3 Ba6 5. Qc2 Bb7 6. Bg2 {E15: Queen's Indian: 4 g3 sidelines, 4 g3 Ba6 and 4 g3 Bb7 early deviations} Be7 (6... Bb4+ 7. Bd2 a5 8. O-O O-O 9. a3 Bxd2 10. Nbxd2 d5 11. cxd5 exd5 12. Ne5 Na6 13. Nd3 Qe7 {0-1 (22) Nakamura,H (2787)-Carlsen,M (2853) chess.com INT 2016}) 7. O-O {LiveBook: 3 Games} O-O 8. Nc3 {White is slightly better.} c6 $146 ({Predecessor:} 8... d5 9. Ne5 Na6 10. a3 c5 11. dxc5 Nxc5 12. cxd5 exd5 13. Rd1 Qb8 14. Nf3 Nce4 15. Bf4 Qc8 16. Rac1 Nxc3 17. Qxc3 Qxc3 18. Rxc3 Rac8 19. Rdc1 Rxc3 20. Rxc3 Bc5 {½-½ (20) Siebrecht,S (2495)-Koch,T (2437) Belgium 2014}) 9. e4 d5 10. Ne5 (10. e5 $14 Nfd7 11. a3) 10... Qc8 11. Bg5 Nbd7 12. Rac1 h6 13. Bxf6 (13. exd5 {is more complex.} Nxe5 14. dxe5 hxg5 15. d6 Bxd6 16. exd6 c5 17. Ne4) 13... Bxf6 14. cxd5 Nxe5 15. dxe5 Bxe5 16. Qb3 Qe8 17. dxe6 Qxe6 18. Qxe6 fxe6 19. Bh3 Kf7 20. Rfd1 {[#] Rd7+ is the strong threat.} Rad8 21. Bf1 Ke7 22. Kg2 c5 23. f3 Bc6 (23... Bd4 {keeps more tension.} 24. Rc2 g5 25. Rcd2 a6 26. a4 h5) 24. Rxd8 Rxd8 25. Rd1 Bxc3 (25... Rf8 $17) 26. Rxd8 $11 Kxd8 27. bxc3 $17 {[%mdl 4096] Endgame KB-KB} b5 28. Kf2 Ke7 29. Ke3 e5 30. f4 (30. h4 $11) 30... Kf6 ({Black should try} 30... exf4+ $1 $15 31. gxf4 g5) 31. a3 a5 32. Bd3 Be8 33. Bc2 Bf7 34. h4 {Precision: White = 43%, Black = 43%.} 1/2-1/2

[Event "10th Mumbai Mayors Cup 2017"]
[Site "Mumbai"]
[Date "2017.06.07"]
[Round "6"]
[White "Yogit, S."]
[Black "Badrinath, S."]
[Result "1/2-1/2"]
[WhiteElo "2183"]
[BlackElo "1977"]
[Annotator "TA"]
[PlyCount "40"]
[EventDate "2017.06.04"]
[EventType "swiss"]
[EventCountry "IND"]
[SourceTitle "playchess.com"]
[Source "ChessBase"]
[SourceQuality "1"]

{[%evp 13,40,0,18,-2,10,0,35,-1,0,-57,-68,-57,-60,-59,-54,-59,-52,-55,-62,-50,-50,-92,-95,-83,-56,-52,-52,-67,-40]} 1. b3 e5 2. Bb2 Nc6 3. e3 Nf6 4. Bb5 e4 (4... Bd6 5. Na3 e4 6. Nc4 Be7 7. Bxc6 bxc6 8. Ne2 O-O 9. O-O a5 10. d3 a4 11. Ng3 d5 12. Ne5 Qe8 13. dxe4 Nxe4 {½-½ (30) Rapport,R (2702)-Karjakin,S (2785) Wijk aan Zee 2017}) 5. Ne2 a6 6. Bxc6 {A01: Nimzowitsch-Larsen Opening} dxc6 7. Ng3 Bg4 {LiveBook: 3 Games} 8. Qc1 {The position is equal.} Bd6 9. h3 $146 ({Predecessor:} 9. Bd4 c5 10. Bxf6 Qxf6 11. Nc3 Bxg3 12. Nxe4 {0-1 (51) Carlsen,T (2391)-Diaz Castanet,J (2228) LIPEAP corr 2003}) 9... Bxg3 (9... Bh5 $5) 10. fxg3 Qd6 11. O-O (11. hxg4 $11 Qxg3+ 12. Kf1 Nxg4 13. Qe1 Nh2+ 14. Ke2 Qxg2+ 15. Kd1) 11... Bxh3 $1 $15 ({Much weaker is} 11... Qxg3 $6 12. Rxf6 gxf6 13. hxg4 $14) 12. Rf4 Be6 $36 {[%mdl 2048] And now ...Nh5 would win. Black has some pressure.} 13. Bxf6 gxf6 {[%cal Bg7f6,Bf6f5,Bf5g4][%mdl 32]} 14. Nc3 f5 15. g4 $1 {[%cal Rg4f5]} Qe5 16. Qf1 $1 {[%cal Rg4f5]} fxg4 17. Rxe4 Qg7 18. Rd4 c5 19. Rd3 $1 Qe5 20. Re1 O-O {Precision: White = 44%, Black = 41%.} 1/2-1/2

[Event "10th Mumbai Mayors Cup 2017"]
[Site "Mumbai"]
[Date "2017.06.07"]
[Round "6"]
[White "Kiran, Manisha Mohanty"]
[Black "Mohammad, Fahad Rahman"]
[Result "0-1"]
[WhiteElo "2177"]
[BlackElo "2305"]
[Annotator "NA"]
[PlyCount "108"]
[EventDate "2017.06.04"]
[EventType "swiss"]
[EventCountry "IND"]
[SourceTitle "playchess.com"]
[Source "ChessBase"]
[SourceQuality "1"]
[TimeControl "5400+30"]

1. e4 e5 2. Nf3 Nf6 3. Nxe5 d6 4. Nf3 Nxe4 5. Qe2 Qe7 6. d3 Nf6 7. Bg5 Be6 8. Nc3 h6 9. Bxf6 gxf6 10. O-O-O Nc6 11. d4 d5 12. Qb5 O-O-O 13. a3 Qd6 14. Kb1 Rg8 15. Qa4 a6 $14 16. g3 Nb8 17. Nh4 b5 18. Qa5 Kb7 19. Na2 Nc6 20. Qd2 Ka7 21. Nc1 b4 22. Qe2 Bc8 23. a4 Na5 24. Nb3 Nc4 25. Nd2 Bg4 26. f3 Be6 27. Qf2 Qc6 28. Nb3 Ka8 29. a5 Qa4 30. Qe2 Bd6 31. Qd3 Bd7 32. Qh7 Nxa5 33. Qxf7 Bc6 34. Nxa5 Qxa5 35. b3 Rgf8 36. Qg6 Bd7 37. Qxh6 c5 38. Qh5 f5 39. Qg6 Be8 40. Qg5 Bd7 41. Qg6 Bc8 42. Qg5 Be6 43. Qc1 c4 44. Qb2 Rc8 45. Qa2 Qb6 46. bxc4 dxc4 47. d5 b3 48. cxb3 Bd7 49. Rc1 Bb5 50. bxc4 Ba4+ 51. Qb2 Qc5 52. Ka2 Rb8 53. Qc3 Bb3+ 54. Qxb3 Qa5+ 0-1

[Event "10th Mumbai Mayors Cup 2017"]
[Site "Mumbai"]
[Date "2017.06.07"]
[Round "6"]
[White "Ramakrishna, J."]
[Black "Krishnater, Kushager"]
[Result "1-0"]
[WhiteElo "2157"]
[BlackElo "1953"]
[Annotator "TA"]
[PlyCount "33"]
[EventDate "2017.06.04"]
[EventType "swiss"]
[EventCountry "IND"]
[SourceTitle "playchess.com"]
[Source "ChessBase"]
[SourceQuality "1"]

{[%evp 22,33,-22,-31,89,67,354,342,350,339,342,332,385,381]} 1. e4 e5 2. f4 d5 3. exd5 exf4 4. Nf3 Nf6 5. Bb5+ c6 6. dxc6 Nxc6 7. d4 Bd6 8. Qe2+ Be6 9. Ng5 O-O 10. Nxe6 fxe6 11. Bxc6 bxc6 12. O-O {LiveBook: 7 Games. C36: King's Gambit Accepted: 3 Nf3 d5} e5 $146 (12... Re8 $15 {stays ahead.}) ({Predecessor:} 12... Qc7 13. Nd2 Rae8 14. Nc4 g5 15. Bd2 e5 16. dxe5 Bxe5 17. Nxe5 Qxe5 18. Qxe5 Rxe5 19. Bb4 Rfe8 {½-½ (37) Sulskis,S (2559)-Melkumyan,H (2530) Benasque 2009}) 13. dxe5 $16 Qb6+ $2 {[%mdl 8192] [#]} ({Better is} 13... Bc5+ $14 14. Kh1 Nd5) 14. Kh1 $18 Bxe5 15. Qxe5 Rae8 16. Qc3 Ne4 17. Qb3+ 1-0

[Event "10th Mumbai Mayors Cup 2017"]
[Site "Mumbai"]
[Date "2017.06.07"]
[Round "6"]
[White "Raja, Rithvik R"]
[Black "Parthasarathy, R."]
[Result "1-0"]
[WhiteElo "2155"]
[BlackElo "1922"]
[Annotator "NA"]
[PlyCount "75"]
[EventDate "2017.06.04"]
[EventType "swiss"]
[EventCountry "IND"]
[SourceTitle "playchess.com"]
[Source "ChessBase"]
[SourceQuality "1"]
[TimeControl "5400+30"]

1. Nf3 e6 2. c4 b6 3. g3 g5 4. Bg2 Bb7 5. h3 Bg7 6. d4 h6 7. g4 (7. Nc3 $14) 7... Ne7 8. h4 gxh4 (8... h5 $5 {[%cal Rh5g4]} 9. d5 hxg4 10. Nxg5 exd5 $15) 9. Nxh4 Nbc6 ({Black should try} 9... Bxg2 $11 10. Nxg2 d5) 10. e3 (10. d5 $14) 10... Bf6 11. Nc3 d5 $14 12. cxd5 Nxd5 13. Nxd5 Bxh4 14. Rxh4 exd5 15. Rh5 Ne7 16. Bd2 Qd7 17. Bh3 f5 18. gxf5 Rg8 19. Bg4 O-O-O 20. f3 Kb8 21. Qc2 Rdf8 22. O-O-O Rf6 23. Kb1 Bc8 24. Rc1 Nxf5 25. e4 dxe4 26. Bf4 Rxg4 27. Bxc7+ Kb7 28. fxg4 Nxd4 29. Qxe4+ Nc6 30. Be5 Qxg4 31. Qh7+ Ka8 32. Bxf6 Qxh5 33. Qh8 Qf5+ 34. Ka1 Kb7 35. Qg7+ Ka6 36. Qxh6 Nb4 37. Qd2 Qg4 38. a3 1-0

[Event "10th Mumbai Mayors Cup 2017"]
[Site "Mumbai"]
[Date "2017.06.07"]
[Round "6"]
[White "Dileep, Kumar R"]
[Black "Hossain, Enamul"]
[Result "0-1"]
[WhiteElo "2094"]
[BlackElo "2464"]
[Annotator "TA"]
[PlyCount "64"]
[EventDate "2017.06.04"]
[EventType "swiss"]
[EventCountry "IND"]
[SourceTitle "playchess.com"]
[Source "ChessBase"]
[SourceQuality "1"]

{[%evp 28,64,39,26,31,28,37,-24,41,-38,-22,-8,-6,-87,-89,-66,-70,-118,-83,-124,-103,-147,-125,-336,-320,-341,-291,-281,-284,-658,-687,-654,-621,-1756,-1555,-4216,-3724,-29984,-29977]} 1. e4 c5 2. Nf3 e6 3. d4 cxd4 4. Nxd4 a6 5. c4 Nf6 6. Nc3 Qc7 7. a3 b6 8. Be2 Bb7 9. f3 Be7 10. Be3 d6 11. O-O Nbd7 {[%cal Bb8d7,Bd7e5,Be5g6,Bg6f4][%mdl 32] B41: Sicilian: Kan Variation: 5 c4} 12. Rc1 O-O 13. b4 (13. Kh1 Rac8 14. b4 Rfd8 15. Bg1 Qb8 16. Nb3 {1-0 (50) Ponomariov,R (2712)-Wojtaszek,R (2727) Huaian 2016}) 13... Rfc8 14. Nb3 Qd8 15. Qd2 {LiveBook: 3 Games} Ne5 16. Na4 Nfd7 17. Nb2 $146 ({White should play} 17. Rfd1 $14) ({Predecessor:} 17. Rfd1 Bc6 18. Nb2 g5 19. Qe1 Qf8 20. h3 h5 21. Qg3 Qg7 22. Bd4 Qg6 23. Rc3 {½-½ (23) Real de Azua,E (2450)-Krysa,L (2378) Villa Martelli 2013}) 17... Rab8 (17... a5 $11) 18. f4 ({Better is} 18. Rfd1 $14) 18... Ng6 $1 $15 19. Qd3 e5 20. f5 (20. g3 $1 $11) 20... Nf4 $1 $17 {[%cal Rf4d3]} 21. Bxf4 exf4 22. Nd2 Ne5 23. Qb1 {[#]} b5 $1 $36 {[%cal Bb6b5,Bb5c4,Bc4c3,Bc3c2][%mdl 2592] And now ...Qb6+ would win. Black is on the roll.} 24. Nd3 (24. cxb5 Qb6+) 24... bxc4 25. Nxf4 $2 (25. Nxe5 $17 dxe5 26. Nf3) 25... c3 $19 26. Nb3 Qb6+ 27. Kh1 Qe3 {White must now prevent ...Bg5.} 28. Rce1 $2 (28. Bd1) 28... c2 29. Qa2 {Now Bxa6! and White clings on.} Bh4 30. g3 Bxe4+ 31. Ng2 {[#]} Bxg3 $1 {[%mdl 512] ( -> ...Qh6)} 32. Bf3 (32. hxg3 Qxg3) 32... Qh6 {Precision: White = 17%, Black = 71%.} 0-1